[Event "FIDE Womens Grand Swiss 2021"]
[Site "Riga"]
[Date "2021.10.27"]
[Round "1.15"]
[White "Padmini, Rout"]
[Black "Zhu, Jiner"]
[Result "0-1"]
[WhiteElo "2380"]
[BlackElo "2455"]
[Annotator "ChessBase"]
[PlyCount "90"]
[EventDate "2021.10.27"]
[EventType "swiss"]
[EventCountry "LAT"]
[Tiebreak "Cut1 Buchholz+Sonneborn-Berger (Swiss)"]
[SourceTitle "playchess.com"]
[Source "ChessBase"]
[SourceQuality "1"]
[TimeControl "40/6000+30:20/3000+30:900+30"]

1. e4 {[%emt 0:10:10]} e5 {[%emt 0:10:17]} 2. Nf3 {[%emt 0:00:28]} Nc6 {
[%emt 0:00:08]} 3. Bb5 {[%emt 0:00:12]} a6 {[%emt 0:00:18]} 4. Ba4 {[%emt 0:00:
06]} Nf6 {[%emt 0:00:11]} 5. O-O {[%emt 0:00:10]} Be7 {[%emt 0:00:15]} 6. Re1 {
[%emt 0:00:13]} b5 {[%emt 0:00:09]} 7. Bb3 {[%emt 0:00:03]} O-O {[%emt 0:00:17]
} 8. h3 {[%emt 0:00:28]} d6 {[%emt 0:00:18]} 9. c3 {[%emt 0:00:21]} Bb7 {
[%emt 0:00:35]} 10. d4 {[%emt 0:00:56]} h6 {[%emt 0:08:27]} 11. Nbd2 {[%emt 0:
03:53]} Re8 {[%emt 0:01:42]} 12. Nf1 {[%emt 0:03:44]} Bf8 {[%emt 0:05:14]} 13.
Ng3 {[%emt 0:00:23]} g6 {[%emt 0:01:43]} 14. Nh4 {[%emt 0:18:24]} d5 {[%emt 0:
24:46]} 15. exd5 {[%emt 0:07:34]} Nxd5 {[%emt 0:00:12]} 16. Nf3 {[%emt 0:05:15]
} Nb6 {[%emt 0:18:51]} 17. Qc2 {[%emt 0:09:02]} Nc4 {[%emt 0:01:38]} 18. Bxc4 {
[%emt 0:04:18]} bxc4 {[%emt 0:00:08]} 19. dxe5 {[%emt 0:00:26]} Bg7 {[%emt 0:
05:55]} 20. Bf4 {[%emt 0:06:37]} Qd3 {[%emt 0:03:57]} 21. Qxd3 {[%emt 0:03:50]}
cxd3 {[%emt 0:00:06]} 22. Ne4 {[%emt 0:00:23]} g5 {[%emt 0:07:36]} 23. Bh2 {
[%emt 0:05:10]} Rad8 {[%emt 0:02:29]} 24. Nc5 {[%emt 0:11:22]} Bc8 {[%emt 0:00:
30]} 25. Rad1 {[%emt 0:05:33]} Rd5 {[%emt 0:00:23]} 26. b4 {[%emt 0:01:04]} a5
{[%emt 0:04:50]} 27. a3 {[%emt 0:03:25]} Bf5 {[%emt 0:02:29]} 28. Na6 {[%emt 0:
05:15]} Re7 {[%emt 0:02:09]} 29. Re3 {[%emt 0:00:08]} Kf8 {[%emt 0:01:28]} 30.
g4 {[%emt 0:02:48]} Bg6 {[%emt 0:00:10]} 31. c4 {[%emt 0:03:17]} Rd8 {[%emt 0:
00:32]} 32. e6 {[%emt 0:00:16]} axb4 {[%emt 0:01:00]} 33. axb4 {[%emt 0:00:13]}
Bd4 {[%emt 0:06:25]} 34. Nxd4 {[%emt 0:01:24]} Nxd4 {[%emt 0:01:14]} 35. Nxc7 {
[%emt 0:00:11]} Nc2 {[%emt 0:00:46]} 36. Rexd3 {[%emt 0:00:48]} Rxd3 {[%emt 0:
00:44]} 37. Rxd3 {[%emt 0:00:21]} Bxd3 {[%emt 0:00:05]} 38. Bd6 {[%emt 0:00:35]
} Bxc4 {[%emt 0:00:10]} 39. b5 {[%emt 0:00:06]} Nd4 {[%emt 0:00:49]} 40. b6 {
[%emt 0:00:05]} fxe6 {[%emt 0:00:48]} 41. b7 {[%emt 0:50:59]} Nc6 {[%emt 0:50:
09]} 42. Na8 {[%emt 0:00:22]} Kf7 {[%emt 0:00:00]} 43. Nb6 {[%emt 0:00:00]} Ba6
{[%emt 0:00:00]} 44. b8=Q {[%emt 0:00:00]} Nxb8 {[%emt 0:00:00]} 45. Bxb8 {
[%emt 0:00:00]} Rb7 {[%emt 0:00:00]} 0-1

[Event "FIDE Womens Grand Swiss 2021"]
[Site "Riga"]
[Date "2021.10.27"]
[Round "1.16"]
[White "Danielian, Elina"]
[Black "Arakhamia-Grant, Ketevan"]
[Result "0-1"]
[WhiteElo "2450"]
[BlackElo "2376"]
[Annotator "ChessBase"]
[PlyCount "56"]
[EventDate "2021.10.27"]
[EventType "swiss"]
[EventCountry "LAT"]
[Tiebreak "Cut1 Buchholz+Sonneborn-Berger (Swiss)"]
[SourceTitle "playchess.com"]
[Source "ChessBase"]
[SourceQuality "1"]
[TimeControl "40/6000+30:20/3000+30:900+30"]

1. d4 {[%emt 0:10:04]} d6 {[%emt 0:10:11]} 2. Nf3 {[%emt 0:00:19]} Nf6 {
[%emt 0:00:10]} 3. g3 {[%emt 0:01:09]} Nbd7 {[%emt 0:00:16]} 4. c4 {[%emt 0:02:
44]} e5 {[%emt 0:00:28]} 5. Bg2 {[%emt 0:00:24]} c6 {[%emt 0:00:25]} 6. Nc3 {
[%emt 0:02:29]} e4 {[%emt 0:01:22]} 7. Ng5 {[%emt 0:05:45]} d5 {[%emt 0:00:13]}
8. cxd5 {[%emt 0:00:54]} cxd5 {[%emt 0:00:07]} 9. O-O {[%emt 0:02:37]} h6 {
[%emt 0:10:20]} 10. Nh3 {[%emt 0:00:04]} Be7 {[%emt 0:05:34]} 11. f3 {[%emt 0:
13:01]} exf3 {[%emt 0:02:43]} 12. Bxf3 {[%emt 0:00:08]} Nb6 {[%emt 0:04:15]}
13. Nf4 {[%emt 0:00:39]} O-O {[%emt 0:11:15]} 14. Qb3 {[%emt 0:00:35]} Be6 {
[%emt 0:04:42]} 15. a4 {[%emt 0:03:03]} a5 {[%emt 0:20:21]} 16. Nxe6 {[%emt 0:
15:16]} fxe6 {[%emt 0:01:14]} 17. Nb5 {[%emt 0:03:44]} Rc8 {[%emt 0:12:38]} 18.
Bf4 {[%emt 0:06:08]} g5 {[%emt 0:04:43]} 19. Be5 {[%emt 0:13:04]} Nc4 {[%emt 0:
00:17]} 20. Qd3 {[%emt 0:08:33]} Kg7 {[%emt 0:04:12]} 21. Bxf6+ {[%emt 0:01:50]
} Rxf6 {[%emt 0:00:32]} 22. Bh5 {[%emt 0:02:12]} Nxb2 {[%emt 0:01:56]} 23. Qb1
{[%emt 0:00:19]} Rxf1+ {[%emt 0:07:25]} 24. Qxf1 {[%emt 0:00:07]} Qf8 {[%emt 0:
05:25]} 25. Qb1 {[%emt 0:00:11]} Qf5 {[%emt 0:00:32]} 26. Qxb2 {[%emt 0:02:19]}
g4 {[%emt 0:00:09]} 27. Rc1 {[%emt 0:15:24]} Bg5 {[%emt 0:01:22]} 28. e3 {
[%emt 0:00:56]} Bxe3+ {[%emt 0:00:20]} 0-1

[Event "FIDE Womens Grand Swiss 2021"]
[Site "Riga"]
[Date "2021.10.27"]
[Round "1.17"]
[White "Melia, Salome"]
[Black "Cramling, Pia"]
[Result "1-0"]
[WhiteElo "2371"]
[BlackElo "2447"]
[Annotator "TA"]
[PlyCount "157"]
[EventDate "2021.10.27"]
[EventType "swiss"]
[EventCountry "LAT"]
[Tiebreak "Cut1 Buchholz+Sonneborn-Berger (Swiss)"]
[SourceTitle "playchess.com"]
[Source "ChessBase"]
[SourceQuality "1"]

{[%evp 24,157,37,37,47,19,33,26,21,16,79,66,59,43,60,51,72,80,73,70,91,85,76,
29,101,106,105,109,116,112,136,59,141,118,151,144,141,89,97,88,84,93,120,114,
128,66,66,66,70,70,70,70,86,64,78,84,88,64,97,72,113,110,114,112,146,146,147,
147,156,146,146,146,146,148,157,156,156,155,158,156,156,156,156,150,149,149,
149,149,254,254,246,243,234,226,215,202,289,293,298,310,361,592,539,515,448,
425,1139,951,1085,1050,12836,2085,12835,0,12836,12836,6528,1197,12840,12837,
12840,1051,12841,655,592,559,511,474,807,920,891,796,925,1116,852,767]} 1. e4
e5 2. Nf3 Nc6 3. Bb5 a6 4. Ba4 Nf6 5. O-O Be7 6. Re1 b5 7. Bb3 d6 8. c3 O-O 9.
h3 Na5 10. Bc2 c5 11. d4 Nd7 12. Nbd2 {[%cal Bb1d2,Bd2f1,Bf1e3,Be3f5][%mdl 32]
12.d5 is the hot move.} exd4 13. cxd4 Bb7 {C96: Closed Ruy Lopez: Chigorin
Defence: 11 d4, replies other than 11...Qc7.} 14. Nf1 Nc6 15. Ne3 {[#]} cxd4
$146 {White has an edge.} ({Predecessor:} 15... Bf6 16. Nf5 Nxd4 17. N3xd4 cxd4
18. Nxd6 Bc6 19. f4 Qb6 20. Kh1 g6 21. e5 Be7 {1-0 (61) Rasulov,V (2515)
-Paehtz,E (2493) Konya 2012}) 16. Nf5 d3 (16... Rc8 $11) 17. Bxd3 Nde5 18. Bf1
Re8 19. Nxe5 Nxe5 20. Nxe7+ Qxe7 21. Bd2 Qf6 22. Rc1 Rad8 23. Rc7 Rd7 (23... d5
$1 $11 {keeps the balance.}) 24. Rxd7 $16 Nxd7 25. Bc3 Qe6 26. Qd4 {[%csl Gc3]
[%cal Rd4g7]} f6 27. f3 (27. Qa7 $16 Bc8 28. f3) 27... Ne5 (27... Qxa2 $14 28.
Qxd6 Ne5) 28. Qb6 Qd7 29. Rd1 Nf7 30. Bb4 (30. a4 $142 {[%cal Ra4b5]} Qc6 31.
Qxc6 Bxc6 32. axb5 Bxb5 33. Bxb5 axb5 34. Rd5) 30... Rc8 31. Qd4 ({Weaker is} 
31. Bxd6 Rc6 $17) 31... Qc6 32. a3 ({Don't go for} 32. Bxd6 $2 Rd8 $19) 32...
h6 33. Bd3 ({But not} 33. Bxd6 $2 Rd8 $19) 33... Ne5 34. Qxd6 ({Better is} 34.
Bb1 $16) 34... Qxd6 $14 35. Bxd6 Nxd3 36. Rxd3 $16 {[%mdl 4096] Endgame KRB-KRB
} Rd8 37. Kf2 Kf7 38. Ke3 a5 {[#]} 39. Rc3 $1 {Strongly threatening Rc7+.} Rc8
40. Bc5 h5 41. h4 Ke6 42. b4 axb4 43. axb4 f5 44. Rd3 {Rd6+ is the strong
threat.} fxe4 45. Rd6+ Kf5 46. Rd7 Bc6 47. Rxg7 {And now fxe4+ would win.} exf3
48. Rg5+ {[%mdl 64] Double Attack, Zwischenzug} Kf6 49. gxf3 Ra8 50. Bd4+ Ke6
51. Bc3 Ra3 52. Rc5 Bd5 {[#]} 53. f4 $1 Bc4 54. Kd4 Ra2 55. Re5+ Kd6 (55... Kf6
$16 {was worth a try.} 56. Rxh5 Rh2 57. Ke4+ Kg6 58. Rg5+ Kh7) 56. Rxh5 $18 Rf2
57. Rh6+ Ke7 58. Ke3 Re2+ 59. Kf3 Rc2 (59... Bd3 $142 60. Rh5 Bc4 61. Rh7+ Ke8
62. Rh8+ Kd7) 60. Be5 Bd5+ 61. Ke3 Rc4 62. h5 Re4+ 63. Kd3 Re1 64. Rb6 Bf3 (
64... Bc4+ $142 65. Kc3 Rh1) 65. h6 Rh1 66. Kd4 Kd7 67. Rd6+ (67. Rg6 $142 Bd1
68. Rg7+ Ke6 69. Rc7) 67... Ke7 68. Rb6 Kd7 $1 69. Rg6 {White is clearly
winning.} Bd1 70. Kc5 (70. Rg7+ $142 Ke6 71. Rc7) 70... Be2 71. Kb6 Rh5 72. Bg7
(72. f5 $142 Ke8 73. Rg8+ Kf7 74. Rg7+ Ke8 75. h7) 72... Bd3 73. Rg3 (73. Rg5
$142 Rxg5 74. fxg5) 73... Bh7 74. Rg1 Rh4 75. Rd1+ Ke6 (75... Ke7 $142 76. Kxb5
Rxf4) 76. Be5 Rh3 77. Rd6+ Kf5 78. Kxb5 Rh1 79. Kb6 {Weighted Error Value:
White=0.09/Black=0.17} 1-0

[Event "FIDE Womens Grand Swiss 2021"]
[Site "Riga"]
[Date "2021.10.27"]
[Round "1.18"]
[White "Javakhishvili, Lela"]
[Black "Lujan, Carolina"]
[Result "1-0"]
[WhiteElo "2446"]
[BlackElo "2340"]
[Annotator "TA"]
[PlyCount "59"]
[EventDate "2021.10.27"]
[EventType "swiss"]
[EventCountry "LAT"]
[Tiebreak "Cut1 Buchholz+Sonneborn-Berger (Swiss)"]
[SourceTitle "playchess.com"]
[Source "ChessBase"]
[SourceQuality "1"]

{[%evp 11,59,10,73,16,16,16,16,16,15,20,14,10,12,16,39,22,30,36,32,18,29,24,35,
13,15,5,1,11,16,-35,-22,-23,152,97,69,87,58,63,85,87,205,194,264,249,281,289,
546,543,535,502]} 1. d4 Nf6 2. c4 g6 3. Nc3 d5 4. Nf3 Bg7 5. Qb3 dxc4 6. Qxc4
Be6 (6... O-O $11 {remains equal.}) 7. Qa4+ {D96: Grünfeld: Russian System (5
Qb3): sidelines.} ({White should try} 7. Qb5+ $16 Bd7 8. Qxb7) 7... Bd7 $11 8.
Qa3 Bc6 9. e3 {The position is equal.} O-O 10. Be2 Nd5 11. O-O Nd7 12. Rd1 {[#]
} b6 $146 ({Predecessor:} 12... e6 13. Bd2 f5 14. Rac1 g5 15. Nxd5 Bxd5 16.
Nxg5 Qxg5 17. e4 Qd8 18. exd5 exd5 {1-0 (46) Tin,J (2485)-Karthik,V (2483)
Tornelo INT 2021}) 13. b4 Nxc3 14. Qxc3 Ba4 15. Re1 c5 16. Bb2 Rc8 17. Rac1 Bc6
18. Ba6 (18. Qb3 {is interesting.} a5 19. bxa5 bxa5 20. h3 Qb6 21. Qxb6 Nxb6
22. Ne5) 18... Rb8 19. e4 $40 {[%mdl 128] White attacks.} Ba8 20. a4 ({Better
is} 20. Bb5 $11) 20... cxd4 21. Nxd4 {[#]} e5 $2 ({Black should play} 21... Nc5
$1 $11 22. bxc5 bxc5 23. Qxc5 Rxb2) 22. Nc6 (22. Nb5 $142) 22... Bxc6 $16 23.
Qxc6 Qe7 24. Ba3 Rfd8 25. Qc7 Qh4 (25... Bh6 $16) 26. g3 $18 Qf6 {[#]} (26...
Qe7 {keeps fighting.} 27. Bb5 (27. Qxa7 Bf6 $16) 27... Bf6 28. Qxa7 Ra8) 27.
Rc6 $1 {[%cal Rc6f6]} (27. Qxa7 Nf8 $16) 27... Qf3 28. Rc3 Qg4 (28... Qf6 {
was necessary.} 29. Ree3 (29. Qxa7 Nf8 $16) 29... Qe7 30. Qxa7 Ra8) 29. Rd3 Bf6
30. Red1 {Weighted Error Value: White=0.12/Black=0.32} 1-0

[Event "FIDE Womens Grand Swiss 2021"]
[Site "Riga"]
[Date "2021.10.27"]
[Round "1.19"]
[White "Kamalidenova, Meruert"]
[Black "Arabidze, Meri"]
[Result "1/2-1/2"]
[WhiteElo "2339"]
[BlackElo "2441"]
[Annotator "NA"]
[PlyCount "88"]
[EventDate "2021.10.27"]
[EventType "swiss"]
[EventCountry "LAT"]
[Tiebreak "Cut1 Buchholz+Sonneborn-Berger (Swiss)"]
[SourceTitle "playchess.com"]
[Source "ChessBase"]
[SourceQuality "1"]
[TimeControl "40/6000+30:20/3000+30:900+30"]

1. e4 {[%emt 0:10:06]} e5 {[%emt 0:10:10]} 2. Nf3 {[%emt 0:00:07]} Nc6 {
[%emt 0:00:06]} 3. Bb5 {[%emt 0:00:11]} a6 {[%emt 0:00:08]} 4. Ba4 {[%emt 0:00:
05]} Nf6 {[%emt 0:00:11]} 5. O-O {[%emt 0:00:16]} b5 {[%emt 0:00:09]} 6. Bb3 {
[%emt 0:00:07]} Bc5 {[%emt 0:00:09]} 7. a4 {[%emt 0:00:24]} Rb8 {[%emt 0:00:12]
} 8. Nxe5 {[%emt 0:00:51]} Nxe5 {[%emt 0:00:48]} 9. d4 {[%emt 0:00:08]} Bxd4 {
[%emt 0:00:21]} 10. Qxd4 {[%emt 0:00:08]} d6 {[%emt 0:00:07]} 11. f4 {[%emt 0:
00:39]} Nc6 {[%emt 0:04:50]} 12. Qc3 {[%emt 0:00:38]} Bb7 {[%emt 0:01:15]} 13.
axb5 {[%emt 0:00:45]} axb5 {[%emt 0:01:18]} 14. e5 {[%emt 0:02:01]} Ne4 {
[%emt 0:05:47]} 15. Qe3 {[%emt 0:01:46]} Ne7 {[%emt 0:05:40]} 16. Nc3 {[%emt 0:
04:35]} Nxc3 {[%emt 0:13:16]} 17. bxc3 {[%emt 0:04:17]} O-O {[%emt 0:01:46]}
18. f5 {[%emt 0:04:48]} dxe5 {[%emt 0:03:13]} 19. f6 {[%emt 0:05:16]} gxf6 {
[%emt 0:03:09]} 20. Ba3 {[%emt 0:05:14]} Nd5 {[%emt 0:12:22]} 21. Qh6 {[%emt 0:
07:17]} Kh8 {[%emt 0:24:10]} 22. Bxd5 {[%emt 0:04:39]} Bxd5 {[%emt 0:00:47]}
23. Bxf8 {[%emt 0:06:23]} Qxf8 {[%emt 0:00:06]} 24. Qxf6+ {[%emt 0:00:50]} Qg7
{[%emt 0:00:23]} 25. Rae1 {[%emt 0:04:19]} Rg8 {[%emt 0:07:16]} 26. Rxe5 {
[%emt 0:04:36]} Qxf6 {[%emt 0:04:15]} 27. Rxf6 {[%emt 0:00:10]} c6 {[%emt 0:04:
34]} 28. Rf2 {[%emt 0:01:13]} Ra8 {[%emt 0:00:52]} 29. h4 {[%emt 0:01:32]} Ra4
{[%emt 0:00:52]} 30. h5 {[%emt 0:02:54]} h6 {[%emt 0:00:13]} 31. Kh2 {[%emt 0:
02:01]} Rc4 {[%emt 0:00:53]} 32. Re3 {[%emt 0:01:33]} Be6 {[%emt 0:00:52]} 33.
g3 {[%emt 0:04:52]} Rc5 {[%emt 0:01:19]} 34. g4 {[%emt 0:00:14]} Rc4 {[%emt 0:
02:02]} 35. Rg3 {[%emt 0:00:19]} Kg7 {[%emt 0:00:40]} 36. g5 {[%emt 0:08:54]}
Rh4+ {[%emt 0:00:45]} 37. Kg1 {[%emt 0:00:09]} Rxh5 {[%emt 0:00:29]} 38. gxh6+
{[%emt 0:00:07]} Kxh6 {[%emt 0:00:17]} 39. Rh2 {[%emt 0:02:16]} Rxh2 {[%emt 0:
02:06]} 40. Kxh2 {[%emt 0:00:06]} f5 {[%emt 0:01:07]} 41. Kg1 {[%emt 0:51:13]}
Bd5 {[%emt 0:23:43]} 42. Kf2 {[%emt 0:00:00]} Be4 {[%emt 0:01:12]} 43. Ke3 {
[%emt 0:00:00]} Bxc2 {[%emt 0:00:25]} 44. Kf4 {[%emt 0:00:00]} Be4 {[%emt 0:01:
05]} 1/2-1/2

[Event "FIDE Womens Grand Swiss 2021"]
[Site "Riga"]
[Date "2021.10.27"]
[Round "1.20"]
[White "Badelka, Olga"]
[Black "Eizaguerri Floris, Maria"]
[Result "1-0"]
[WhiteElo "2438"]
[BlackElo "2328"]
[Annotator "TA"]
[PlyCount "147"]
[EventDate "2021.10.27"]
[EventType "swiss"]
[EventCountry "LAT"]
[Tiebreak "Cut1 Buchholz+Sonneborn-Berger (Swiss)"]
[SourceTitle "playchess.com"]
[Source "ChessBase"]
[SourceQuality "1"]

{[%evp 22,147,32,5,8,15,22,1,9,0,0,0,0,0,0,0,15,-31,-29,-36,-34,-44,-37,-46,
-56,-64,-21,-78,-68,-79,-41,-45,-48,-59,0,0,0,-56,0,-13,-11,-1,0,0,0,0,0,-10,
-13,-18,-18,-18,-17,-19,0,0,0,0,0,0,12,14,52,58,58,54,157,155,149,117,135,73,
147,68,118,59,177,167,184,200,185,170,157,48,49,64,42,51,43,50,477,434,901,936,
941,881,848,912,851,843,1308,1237,1284,1266,1095,882,1116,1252,29976,29977,
29976,29977,29976,29976,29985,29986,29986,29985,29985,29986,29986,29987,29987,
29988,29988,29986,29987,29985]} 1. d4 d5 2. c4 e6 3. Nc3 Nf6 4. cxd5 exd5 5.
Bg5 c6 6. e3 Nbd7 7. Qc2 Be7 8. Bd3 Nh5 9. Bxe7 Qxe7 10. O-O-O Nb6 11. h3 {
11.h3 has lost popularity.} g6 12. Nf3 Be6 {D36: Queen's Gambit Declined:
Exchange Variation: Main line (5 Bg5 c6 6 Qc2).} 13. Kb1 O-O-O 14. Ka1 Kb8 {
The position is equal.} 15. Rb1 Ng7 {[#]} 16. Na4 $146 ({Predecessor:} 16. Rhc1
Rc8 17. Na4 Nxa4 18. Qxa4 Rc7 19. Rc3 f6 20. Rbc1 Bd7 21. Nd2 Ne6 22. Qd1 {
1-0 (49) Vakhidov,J (2494)-Horton,J (2041) Birmingham 2015}) 16... Nxa4 17.
Qxa4 Bf5 18. Rhd1 f6 19. b4 (19. Rbc1 {is interesting.} Ka8 20. Ne1 Qc7 21. b4
Qb6 22. b5) 19... Bxd3 20. Rxd3 a6 21. Qc2 Nf5 22. a4 Nd6 23. Nd2 f5 24. Qa2 (
24. Nf3 $11 {remains equal.}) 24... f4 25. exf4 Qe2 26. Rf3 Rhe8 {[%mdl 1024]
Black has compensation.} 27. Qb2 Ne4 (27... Nf5 $15) 28. Nb3 Nd6 29. Qc3 (29.
Nd2 $11) 29... Ne4 (29... Qc4 $15) 30. Qc1 Qc4 ({But not} 30... Nxf2 $2 31. Rb2
$18) 31. Qa3 Nd6 32. Rc1 Qe2 33. Nc5 Qd2 {And now ...Re1 would win.} 34. Qc3
Re2 {[%csl Ge2][%cal Rd2a2]} 35. Qxd2 Rxd2 36. g4 Re8 37. Re3 Rxf2 38. Rxe8+
Nxe8 $11 {[%mdl 4096] Endgame KRN-KRN} 39. Re1 Nd6 40. Re6 Nc4 41. Re8+ Kc7 42.
Re7+ Kc8 43. Rxh7 Na3 (43... Nd6 $14) 44. Nxb7 $16 Nc2+ 45. Kb1 Nxd4 46. Nd6+ (
46. Nc5 $142 $1) 46... Kb8 ({Black should play} 46... Kd8) 47. Rb7+ Ka8 48. Rf7
({Better is} 48. f5 $16 gxf5 49. gxf5) 48... Rf1+ (48... Ne2 $14) 49. Kb2 $18
Rf2+ 50. Kc3 Rxf4 51. Rxf4 Ne2+ {[#]} 52. Kd2 (52. Kb3 $1 $16 Nxf4 53. h4)
52... Nxf4 $14 {KN-KN} 53. h4 Kb8 54. Ne8 {Strongly threatening Ng7.} Kc8 55.
Ng7 {Hoping for h5.} Kd7 $2 {[%mdl 8192] Loses the game.} (55... Kd8 $1 $14)
56. h5 $18 gxh5 (56... Nh3 $142 57. Ke3 (57. hxg6 Nf4 $14) 57... gxh5) 57. gxh5
Ke7 58. Ke3 Kf7 {[#]} 59. h6 $1 ({Worse is} 59. Kxf4 Kxg7 60. Kg5 Kh7 $11)
59... Ng6 60. Kd4 Ne7 61. a5 {[%cal Ba4a5,Ba5a6][%mdl 32]} Kg6 62. Ne6 Kxh6 63.
Nc5 Kg5 64. Nxa6 Nc8 65. Nb8 {White mates.} Na7 66. a6 Kf4 67. Kc5 Ke4 68. Nxc6
Nc8 69. a7 Nxa7 70. Nxa7 d4 71. Nb5 d3 72. Nc3+ Ke5 73. Kc4 d2 74. Kd3 {
Weighted Error Value: White=0.15/Black=0.36} 1-0

[Event "FIDE Womens Grand Swiss 2021"]
[Site "Riga"]
[Date "2021.10.27"]
[Round "1.21"]
[White "Vantika Agrawal"]
[Black "Munguntuul, Batkhuyag"]
[Result "1/2-1/2"]
[WhiteElo "2322"]
[BlackElo "2433"]
[Annotator "NA"]
[PlyCount "85"]
[EventDate "2021.10.27"]
[EventType "swiss"]
[EventCountry "LAT"]
[Tiebreak "Cut1 Buchholz+Sonneborn-Berger (Swiss)"]
[SourceTitle "playchess.com"]
[Source "ChessBase"]
[SourceQuality "1"]
[TimeControl "40/6000+30:20/3000+30:900+30"]

1. Nf3 {[%emt 0:10:16]} d5 {[%emt 0:10:09]} 2. g3 {[%emt 0:00:16]} Nc6 {
[%emt 0:00:09]} 3. d4 {[%emt 0:01:08]} Bf5 {[%emt 0:00:18]} 4. Bg2 {[%emt 0:00:
50]} Nb4 {[%emt 0:00:51]} 5. Na3 {[%emt 0:00:37]} e6 {[%emt 0:00:09]} 6. O-O {
[%emt 0:02:38]} Nc6 {[%emt 0:01:20]} 7. Nb1 {[%emt 0:01:03]} Nf6 {[%emt 0:04:
01]} 8. c4 {[%emt 0:05:34]} Be7 {[%emt 0:03:42]} 9. cxd5 {[%emt 0:03:56]} exd5
{[%emt 0:00:57]} 10. Nc3 {[%emt 0:01:02]} Ne4 {[%emt 0:14:49]} 11. Nd2 {
[%emt 0:09:51]} Nxd4 {[%emt 0:20:32]} 12. Qa4+ {[%emt 0:09:11]} Nc6 {[%emt 0:
00:31]} 13. Ndxe4 {[%emt 0:01:41]} dxe4 {[%emt 0:00:38]} 14. Rd1 {[%emt 0:01:
34]} Qc8 {[%emt 0:01:47]} 15. Nd5 {[%emt 0:19:13]} Bd6 {[%emt 0:03:32]} 16. Ne3
{[%emt 0:03:23]} Bg6 {[%emt 0:11:30]} 17. Bxe4 {[%emt 0:04:34]} Bxe4 {[%emt 0:
10:06]} 18. Qxe4+ {[%emt 0:00:10]} Qe6 {[%emt 0:00:12]} 19. Qxe6+ {[%emt 0:00:
57]} fxe6 {[%emt 0:00:02]} 20. Nc4 {[%emt 0:00:19]} O-O-O {[%emt 0:01:14]} 21.
Bg5 {[%emt 0:04:16]} Rd7 {[%emt 0:04:06]} 22. Rac1 {[%emt 0:06:34]} h6 {
[%emt 0:09:28]} 23. Be3 {[%emt 0:01:32]} Rhd8 {[%emt 0:01:46]} 24. Kg2 {
[%emt 0:04:15]} Kb8 {[%emt 0:02:21]} 25. h4 {[%emt 0:08:46]} Be7 {[%emt 0:03:
36]} 26. Rxd7 {[%emt 0:00:32]} Rxd7 {[%emt 0:00:01]} 27. b3 {[%emt 0:07:32]}
Bf6 {[%emt 0:00:18]} 28. h5 {[%emt 0:01:11]} a6 {[%emt 0:02:20]} 29. f4 {
[%emt 0:01:07]} Nb4 {[%emt 0:02:32]} 30. a3 {[%emt 0:00:26]} Nd5 {[%emt 0:00:
07]} 31. Bf2 {[%emt 0:00:18]} b5 {[%emt 0:01:31]} 32. Ne3 {[%emt 0:00:47]} Bb2
{[%emt 0:01:10]} 33. Rc6 {[%emt 0:00:34]} Nxe3+ {[%emt 0:00:05]} 34. Bxe3 {
[%emt 0:00:04]} Rd6 {[%emt 0:00:14]} 35. Rxd6 {[%emt 0:00:34]} cxd6 {[%emt 0:
00:02]} 36. a4 {[%emt 0:00:12]} bxa4 {[%emt 0:00:57]} 37. bxa4 {[%emt 0:00:04]}
Kc7 {[%emt 0:00:09]} 38. Kf3 {[%emt 0:00:39]} Kc6 {[%emt 0:00:43]} 39. Ke4 {
[%emt 0:00:37]} d5+ {[%emt 0:01:08]} 40. Kd3 {[%emt 0:00:01]} e5 {[%emt 0:00:
36]} 41. fxe5 {[%emt 0:26:37]} Bxe5 {[%emt 0:20:58]} 42. g4 {[%emt 0:01:28]}
Kd6 {[%emt 0:09:40]} 43. Bf2 {[%emt 0:05:13]} 1/2-1/2

[Event "FIDE Womens Grand Swiss 2021"]
[Site "Riga"]
[Date "2021.10.27"]
[Round "1.22"]
[White "Zawadzka, Jolanta"]
[Black "Divya Deshmukh"]
[Result "1/2-1/2"]
[WhiteElo "2428"]
[BlackElo "2305"]
[Annotator "NA"]
[PlyCount "91"]
[EventDate "2021.10.27"]
[EventType "swiss"]
[EventCountry "LAT"]
[Tiebreak "Cut1 Buchholz+Sonneborn-Berger (Swiss)"]
[SourceTitle "playchess.com"]
[Source "ChessBase"]
[SourceQuality "1"]
[TimeControl "40/6000+30:20/3000+30:900+30"]

1. e4 {[%emt 0:10:04]} c5 {[%emt 0:10:03]} 2. Nf3 {[%emt 0:00:07]} d6 {[%emt 0:
00:04]} 3. Bb5+ {[%emt 0:00:07]} Bd7 {[%emt 0:00:07]} 4. Bxd7+ {[%emt 0:00:07]}
Qxd7 {[%emt 0:00:03]} 5. O-O {[%emt 0:00:12]} Nf6 {[%emt 0:00:02]} 6. Re1 {
[%emt 0:00:15]} Nc6 {[%emt 0:00:16]} 7. c3 {[%emt 0:00:14]} e6 {[%emt 0:07:42]}
8. d4 {[%emt 0:00:09]} cxd4 {[%emt 0:00:03]} 9. cxd4 {[%emt 0:00:07]} d5 {
[%emt 0:01:04]} 10. e5 {[%emt 0:00:14]} Ne4 {[%emt 0:00:04]} 11. Nbd2 {[%emt 0:
00:10]} Nxd2 {[%emt 0:00:44]} 12. Bxd2 {[%emt 0:00:13]} Be7 {[%emt 0:01:47]}
13. Rc1 {[%emt 0:00:59]} O-O {[%emt 0:00:18]} 14. Rc3 {[%emt 0:00:37]} f5 {
[%emt 0:17:14]} 15. exf6 {[%emt 0:10:51]} Bxf6 {[%emt 0:00:05]} 16. Rd3 {
[%emt 0:11:59]} Qf7 {[%emt 0:09:56]} 17. Qe2 {[%emt 0:04:10]} e5 {[%emt 0:08:
52]} 18. dxe5 {[%emt 0:10:26]} Nxe5 {[%emt 0:02:08]} 19. Nxe5 {[%emt 0:04:44]}
Bxe5 {[%emt 0:01:38]} 20. Rf3 {[%emt 0:00:19]} Bf6 {[%emt 0:00:20]} 21. Qd3 {
[%emt 0:00:20]} Rfe8 {[%emt 0:10:48]} 22. Rd1 {[%emt 0:03:49]} Rad8 {[%emt 0:
18:58]} 23. h3 {[%emt 0:05:26]} Qg6 {[%emt 0:04:39]} 24. Qb3 {[%emt 0:06:51]}
Kh8 {[%emt 0:03:09]} 25. Bf4 {[%emt 0:04:54]} b6 {[%emt 0:01:54]} 26. Rfd3 {
[%emt 0:05:29]} d4 {[%emt 0:01:20]} 27. a4 {[%emt 0:02:44]} Qf5 {[%emt 0:01:09]
} 28. Bg3 {[%emt 0:02:12]} Rc8 {[%emt 0:02:06]} 29. R3d2 {[%emt 0:04:06]} h6 {
[%emt 0:01:10]} 30. Qa2 {[%emt 0:07:27]} Qe6 {[%emt 0:03:27]} 31. Qxe6 {
[%emt 0:01:04]} Rxe6 {[%emt 0:00:01]} 32. Kf1 {[%emt 0:03:58]} Rc4 {[%emt 0:01:
11]} 33. b3 {[%emt 0:01:08]} Rc3 {[%emt 0:00:11]} 34. Rd3 {[%emt 0:00:19]} Kh7
{[%emt 0:01:41]} 35. Bf4 {[%emt 0:02:12]} Rc2 {[%emt 0:02:38]} 36. Bd2 {
[%emt 0:00:52]} Rec6 {[%emt 0:00:43]} 37. g4 {[%emt 0:02:11]} Rb2 {[%emt 0:00:
48]} 38. Kg2 {[%emt 0:00:45]} Rcc2 {[%emt 0:00:20]} 39. Kg3 {[%emt 0:00:41]} g5
{[%emt 0:00:42]} 40. Kf3 {[%emt 0:01:14]} Kg6 {[%emt 0:00:02]} 41. Be1 {
[%emt 0:53:57]} Kf7 {[%emt 0:25:25]} 42. Ke4 {[%emt 0:00:00]} Re2+ {[%emt 0:10:
38]} 43. Kf3 {[%emt 0:00:00]} Rec2 {[%emt 0:00:47]} 44. Ke4 {[%emt 0:00:00]}
Re2+ {[%emt 0:06:54]} 45. Kf3 {[%emt 0:00:00]} Rec2 {[%emt 0:03:25]} 46. Ke4
1/2-1/2